00943cam a2200265 a 450000100060000000300080000600500170001400800410003103500180007204000360009004100080012608200210013410000440015524500620019926000300026130000560029150400200034765000420036765000240040965000370043365100360047094200120050699900170051895201420053525239BD-RjUL20211209050842.0140316t1938 enkfb 001 0 eng d a(BDRjUL)25308 aCINdEQOdBD-RjULbengcBD-RjUL aeng00a909.07bATC 19381 aAtiya, Aziz Suryal,d1898-1988 .97680414aThe crusade in the later Middle Ages /cby Aziz S. Atiya. aLondon :bMethuen,c1938. axvi, 604 p., 8 p. of plates :bill., maps ;c23 cm. aIncludes index. 0aCrusadesy13th-15th centuries.977632 0aMiddle Ages.977633 0aPilgrims and pilgrimages.977634 0aIslamic EmpirexHistory.968678 2ddccBK c25239d25239 00102ddc40728NFICaRUCLbRUCLcReadingd1966-11-15eDhaka qursh g21.00l0o909.07 ATC 1938r2014-03-16 00:00:00tC-1w2014-03-16yBK